История (Запись № 11755233)

Подробности
000 -МАРКЕР
контрольное поле 01847nam0a2200385 4500
001 - ИДЕНТИФИКАТОР ЗАПИСИ
контрольное поле RU\NLR\BIBL_A\011776932
005 - ИДЕНТИФИКАТОР ВЕРСИИ
контрольное поле 20191009110819.0
010 ## - МЕЖДУНАРОДНЫЙ СТАНДАРТНЫЙ НОМЕР КНИГИ (ISBN)
Номер (ISBN) 978-5-9966-1125-6
Тираж 5000
021 ## - НОМЕР ГОСУДАРСТВЕННОЙ РЕГИСТРАЦИИ
Код страны Российская Федерация
Номер КН-П-18-053617
Номер Листа государственной регистраци КН-П-18-3865
035 ## - ДРУГИЕ СИСТЕМНЫЕ НОМЕРА
Идентификатор записи (NLR Aleph) 011776932
035 ## - ДРУГИЕ СИСТЕМНЫЕ НОМЕРА
Идентификатор записи (RuMoRGB)009694976
100 ## - ДАННЫЕ ОБЩЕЙ ОБРАБОТКИ
Данные общей обработки 20180823d2018 u y0rusy50 ca
101 0# - ЯЗЫК РЕСУРСА
Язык текста, звукозаписи и т.д. русский
102 ## - СТРАНА ПУБЛИКАЦИИ ИЛИ ПРОИЗВОДСТВА
Страна публикации Российская Федерация
105 ## - ПОЛЕ КОДИРОВАННЫХ ДАННЫХ: ТЕКСТОВЫЕ МАТЕРИАЛЫ, МОНОГРАФИЧЕСКИЕ
Кодированные данные о монографическом текстовом документе y|||j|||000zy
200 1# - ЗАГЛАВИЕ И СВЕДЕНИЯ ОБ ОТВЕТСТВЕННОСТИ
Основное заглавие История
Сведения, относящиеся к заглавию ЕГЭ
-- 10-11 классы
-- анализ исторического источника
-- учебно-методическое пособие
-- [250 исторических источников и задания к ним, высокий уровень сложности, модели ответов]
Первые сведения об ответственности Р.В. Пазин
205 ## - СВЕДЕНИЯ ОБ ИЗДАНИИ
Сведения об издании Изд. 9-е, перераб. и доп.
210 ## - ПУБЛИКАЦИЯ, РАСПРОСТРАНЕНИЕ И ДР.
Место издания, распространения и т.д. Ростов-на-Дону
Имя издателя, распространителя и т. д. Легион
Дата издания, распространения и т.д. 2018
215 ## - ФИЗИЧЕСКАЯ ХАРАКТЕРИСТИКА
Специфическое обозначение материала и объем 411, [1] с.
Размеры 20
225 1# - СЕРИЯ
Основное заглавие серии ЕГЭ
300 ## - ОБЩИЕ ПРИМЕЧАНИЯ
Текст примечания Загл. обл.: ЕГЭ. История
300 ## - ОБЩИЕ ПРИМЕЧАНИЯ
Текст примечания В макете подзаг.: Учебное пособие
320 ## - ПРИМЕЧАНИЯ О НАЛИЧИИ В ДОКУМЕНТЕ БИБЛИОГРАФИИ / УКАЗАТЕЛЯ
Текст примечания Библиогр. в конце кн.
512 1# - ЗАГЛАВИЕ ОБЛОЖКИ
Заглавие обложки ЕГЭ. История
606 1# - НАИМЕНОВАНИЕ ТЕМЫ КАК ПРЕДМЕТ
Наименование темы История
Тематический подзаголовок Экзамены
-- Подготовка к ним
-- Средняя школа
Формальный подзаголовок Учебно-методические пособия
Код системы nlr_sh2
Идентификатор авторитетной/нормативной записи RU\NLR\AUTH\6601569805
607 ## - ГЕОГРАФИЧЕСКОЕ НАИМЕНОВАНИЕ КАК ПРЕДМЕТ
Географическое наименование Россия
Тематический подзаголовок История
Формальный подзаголовок Учебно-методические пособия для средней школы
Код системы nlr_sh1
-- nlr_sh2
Идентификатор авторитетной/нормативной записи RU\NLR\AUTH\66979780
686 1# - ИНДЕКСЫ ДРУГИХ КЛАССИФИКАЦИЙ
Индекс Ч421.31-28
686 1# - ИНДЕКСЫ ДРУГИХ КЛАССИФИКАЦИЙ
Индекс Т3(2)я72
700 #1 - ИМЯ ЛИЦА - ПЕРВИЧНАЯ ОТВЕТСТВЕННОСТЬ
Начальный элемент ввода Пазин
Часть имени, кроме начального элемента ввода Р. В.
Расширение инициалов личного имени Роман Викторович
942 ## - ДОПОЛНИТЕЛЬНЫЕ ЭЛЕМЕНТЫ ЗАПИСИ (АБИС)
Тип экземпляра АБИС Книга
980 ## - КОЛЛЕКЦИЯ
Название коллекции НБР
980 ## - КОЛЛЕКЦИЯ
Название коллекции Национальная библиография

Нет доступных экземпляров.